00534nam a22001697a 450000500170000001000150001702000270003203500140005903700130007308200140008610000210010024500850012126000370020627000470024330000240029050000500031420170811115607.0 aENG-119673 a9788187661941c1250.00 aEN-103205 bDBAD/PUB a630.95454 aJena, Anil Kumar aAgricultural develpoment in Orissa during the british rule /cby Anil Kumar Jena aKolkatabR.N. Bhattacharyac2017 a8/17 Purbapally, Sodepur,bKolkatae700110 axvi,448p.c22cm(Hb) aIncludes bibliographical references and index